Jugadores Perú #1 - Estadísticas

Estadísticas generales
  • Esta prueba ha sido intentada 93 veces
  • La puntuación promedio es 15 de 20
Estadísticas de respuestas
Imagen Respuesta % Correcto
Paolo Guerrero
97%
Tapia
97%
Advincula
92%
Gallese
92%
Lapadula
87%
Cueva
85%
Zambrano
85%
Carrillo
84%
Farfan
84%
Flores
84%
Sonne
84%
Polo
72%
Trauco
72%
Callens
69%
Peña
67%
Concha
61%
Marcos Lopez
61%
Reyna
61%
Abram
56%
Castillo
56%
No se encontraron pruebas coincidentes
Distribución de puntuación
Porcentaje de gente con cada puntuación
Porcentaje por número respondido
Historial de tus puntuaciones
No has intentado esta prueba.